Städte auf Polnisch - Statistiken

Allgemein
  • Dieses Quiz wurde 23 mal gespielt
  • Das Durchschnittsergebnis liegt bei 14 aus 21
Antwortstatistiken
Stadt auf Deutsch Stadt auf Polnisch % Korrekt
Danzig Gdańsk
94%
Lodsch Łódż
88%
Kattowitz Katowice
82%
Krakau Kraków
82%
Posen Poznan
76%
Warschau Warszawa
76%
Breslau Wrocław
76%
Oppeln Opole
71%
Bjelostock Białystok
65%
Elbing Elbląg
65%
Gleiwitz Gliwice
65%
Kielce Kielce
65%
Gdingen Gdynia
59%
Lublin Lublin
59%
Radom Radóm
59%
Tschenstochau Częstochowa
53%
Stettin Szczecin
53%
Grünberg Zielona Góra
53%
Allenstein Olsztyn
41%
Resche (veraltet) Rzeszów
41%
Hindenburg Zabrze
41%
Keine übereinstimmenden Quizze gefunden
Verteilung der Resultate
Anzahl Personen mit jedem Resultat
Perzentil nach korrekt beantworteten Fragen
Ihre Resultats-Entwicklung
Sie haben dieses Quiz noch nicht gespielt